000 nam a22 7a 4500
999 _c329208
_d329208
003 Nust
005 20170426161448.0
008 170426b xxu||||| |||| 00| 0 eng d
040 _cDLC
082 _a954.0254 AZA
100 _aآزاد،مولانا محمد حسن
245 _aدربار اکبری
300 _a992p. :
942 _2ddc
_cBK